Szczegóły MARC21

Źródła do dziejów wychowania i myśli pedagogicznej. T. 1, Od wychowania pierwotnego do końca XVIII stulecia /

003 -Nazwa inst., której nr kontr. jest w polu 001 [,]
    • @
    • Nazwa instytucji, której n kontrolny jest w polu 001
    • NUKAT
005 -DATA I CZAS OSTATNIEJ MODYFIKACJI [,]
    • @
    • pole kontrolne
    • 20241231103817.0
020 -Międzynarod. znormalizowany nr książki - ISBN [ , ]
    • a
    • Numer ISBN
    • 8390352850 Find
    • q
    • Dopowiedzenie
    • t. 1
040 -Instytucja sporządzająca opis [ , ]
    • a
    • Instytucja, która sporządziła opis (NP)
    • TOR U/BW
    • c
    • Instytucja, która sporządziła rekord (NP)
    • TOR U/AP
    • d
    • Instytucja, która zmodyfikowała rekord (P)
    • TOR U/AP
    • d
    • Instytucja, która zmodyfikowała rekord (P)
    • TOR U/GKs
041 -Język dokumentu [1, ]
    • a
    • Język tekstu (P)
    • polski
    • h
    • Język tekstu oryginalnego i/lub pośredniego (P)
    • nieokreślone
942 -Rodzaj dokumentu [ , ]
    • c
    • Rodzaj dokumentu
    • Książka
245 -Strefa tytułu i oznaczenia odpowiedzialności [0,0]
    • a
    • Tytuł
    • Źródła do dziejów wychowania i myśli pedagogicznej. Find
    • n
    • Oznaczenie części (P)
    • T. 1,
    • p
    • Nazwa części (P)
    • Od wychowania pierwotnego do końca XVIII stulecia /
    • c
    • Pozostałe elementy strefy tytułu i oznaczenia odpowiedzialności (NP)
    • wybór i oprac. Stefan Wołoszyn.
246 -Wariant tytułu [3,0]
    • a
    • Tytuł (NP)
    • Od wychowania pierwotnego do końca XVIII stulecia
250 -Strefa wydania [ , ]
    • a
    • Oznaczenie wydania (NP)
    • Wyd. 2 zm.
260 -Strefa adresu wydawniczego [ , ]
    • a
    • Miejsce wydania (P)
    • Kielce :
    • b
    • Nazwa wydawcy (P)
    • "Strzelec",
    • c
    • Data wydania (P)
    • cop. 1995.
300 -Strefa opisu fizycznego [ , ]
    • a
    • Określenie formy książki i/lub objętość (NP)
    • 695 s. :
    • b
    • Oznaczenie ilustracji (NP)
    • rys. ;
    • c
    • Format (NP)
    • 25 cm.
336 -Typ zawartości [ , ]
    • a
    • Termin opisujący typ zawartości
    • Tekst
    • b
    • Kod określający zawartość
    • txt
    • 2
    • Źródło (terminu i kodu)
    • rdacontent
337 -Typ mediów [ , ]
    • a
    • Tryb odtwarzania
    • Bez urządzenia pośredniczącego
    • b
    • Kod typu mediów
    • n
    • 2
    • Źródło (terminu i kodu)
    • rdamedia
338 -Typ/rodzaj nośnika [ , ]
    • a
    • Hasło opisujące typ nośnika
    • Wolumin
    • b
    • Kod typu nośnika
    • nc
    • 2
    • Źródło (terminu i kodu)
    • rdacarrier
504 -Uwaga dot. bibliogr. załącznikowej [ , ]
    • a
    • Uwaga dot. bibliografii załącznikowej
    • Bibliogr. s. 6-9.
504 -Uwaga dot. bibliogr. załącznikowej [ , ]
    • a
    • Uwaga dot. bibliografii załącznikowej
    • Indeksy.
546 -Uwaga dot. języka [ , ]
    • a
    • Uwaga dot. języka
    • Tekst częśc. tł. z różnych jęz.
080 -Uniwersalna Klasyfikacja Dziesiętna [ , ]
    • a
    • Symbol klasyfikacji
    • 37(093)"-00/19"
650 -Hasło przedmiotowe [ ,7]
    • a
    • Hasło przedmiotowe
    • Edukacja
    • x
    • Określnik rzeczowy
    • historia
    • x
    • Określnik rzeczowy
    • źródła.
    • 2
    • Źródło terminu
    • kaba
    • 9
    • KHW
    • 360536
650 -Hasło przedmiotowe [ ,7]
    • a
    • Hasło przedmiotowe
    • Pedagogika
    • x
    • Określnik rzeczowy
    • historia
    • x
    • Określnik rzeczowy
    • źródła.
    • 2
    • Źródło terminu
    • kaba
    • 9
    • KHW
    • 360537
980 -Symbol UKD [ , ]
    • a
    • UKD
    • 37(093)"-00/19"
700 -Hasło dodatkowe - nazwa osobowa [1, ]
    • a
    • Nazwa osobowa (NP)
    • Wołoszyn, Stefan Find
    • d
    • Daty biograficzne (NP)
    • (1911-2004).
    • e
    • Określenie rodzaju współpracy
    • Oprac.
    • 9
    • KHW
    • 38769
920 -ISBN [ , ]
    • a
    • ISBN
    • 83-903528-5-0 Find
    • q
    • Dopowiedzenie
    • t. 1
Status udost. Numer inwentarzowy Data inwentaryzacji Lokalizacja Sygnatura Obwoluta
1Z.935971999-03-24BGZ.93597 
-5W.1981921999-03-24BGW.191528 
-5W.1981931999-03-24BGW.191528 
-5W.1981941999-03-24BGW.191528 
-5W.1981951999-03-24BGW.191528 
-5W.1981961999-03-24BGW.191528 
-5W.1981971999-03-24BGW.191528 
-5W.1981981999-03-24BGW.191528 
-5W.1981991999-03-24BGW.191528 
-5W.1982001999-03-24BGW.191528 
-5W.1982011999-03-24BGW.191528 
2W.1982021999-03-24BGW.191528 
-5W.1982031999-03-24BGW.191528 
-5W.1982041999-03-24BGW.191528 
-5W.1982051999-03-24BGW.191528 
-5W.1982061999-03-24BGW.191528 
-5W.1982071999-03-24BGW.191528 
-5W.1982081999-03-24BGW.191528 
-5W.1982091999-03-24BGW.191528 
-5Pd.144892002-01-09BG  
-5Pd.122031999-03-24BG  
-5Pd.122041999-03-24BG  
-5Pd.144882002-01-09BG  
1WF.62131999-03-24BM  
1H.261732014-09-26BNS 1
-3F.289701999-03-24BNS